000
00227nam a22000857a 4500
008
170606b xxu||||| |||| 00| 0 eng d
100
_9
3299
_a
Manokaran. J
245
_a
I like the world
260
_a
New Delhi
_b
National Book Trust
_c
2004
999
_c
6616
_d
6616